El estudio de la religión
Gorde:
| Egile Nagusiak: | , |
|---|---|
| Formatua: | Liburua |
| Hizkuntza: | gaztelania |
| Argitaratua: |
Madrid
Trotta
2002
|
| Saila: | Enciclopedia Iberoamericana de Religiones
|
| Gaiak: | |
| Etiketak: |
Etiketa erantsi
Etiketarik gabe, Izan zaitez lehena erregistro honi etiketa jartzen!
|
MARC
| LEADER | 00000nam a2200000 a 4500 | ||
|---|---|---|---|
| 001 | UCL0133 | ||
| 003 | CL-VaPUC | ||
| 008 | 030627e20020000SP |||||||||||||||||spa|d | ||
| 082 | 0 | 4 | |a 291 |b DIE |2 21 |
| 100 | |a Díez de Velasco, Francisco |e autor |9 584547 | ||
| 700 | |a García Bazán, Francisco |e author |9 569208 | ||
| 245 | 1 | 3 | |a El estudio de la religión |
| 300 | |a v | ||
| 942 | |c BK | ||
| 945 | |d 20030627 00:00:00 |a cmena | ||
| 260 | |a Madrid |b Trotta |c 2002 | ||
| 650 | 0 | |a Religiones comparadas |9 349653 | |
| 650 | 0 | |a Historia de la religión |9 313185 | |
| 650 | 7 | |a RELIGIONES PRIMITIVAS |2 CL-VaPUC |9 476870 | |
| 650 | 0 | |a Creencias religiosas |9 373391 | |
| 583 | |a last modification |c 20030627 00:00:00 |k Rodrigo Vera | ||
| 490 | 0 | |a Enciclopedia Iberoamericana de Religiones | |
| 999 | |c 304155 |d 304153 | ||
| 952 | |0 0 |1 0 |4 0 |6 291_000000000000000_DIE_2002 |7 0 |8 A |9 366037 |a BIBTEO |b BIBTEO |d 2019-11-21 |h v.1 |i 3917304 |o 291 DIE 2002 |p 3917304 |r 2024-01-18 |w 2019-11-21 |y BK |k ICR | ||